000 00726nab a2200217u 4500
001 21305
003 HDC
007 c| |||a|c|aaaa
008 210306b20120803my ||||o |||| 00| 0 eng d
040 _aHDC
245 0 _aSouth Africa: Christian Group Petitions Courts to Challenge Halal Labeling
336 _atext
_2rdacontent
337 _acomputer
_2rdamedia
338 _aonline resource
_2rdacarrier
650 _aHalaal certifying bodies
_918901
650 _ameat industry
_92353
856 _zRequest full-text at [email protected]
942 _2lcc
942 _cNEWS
942 _kNWS0 004939
999 _c18621
_d18621